Fr. Conceicao Rodrigues College of Engineering

9th All India Machine tool designed research conference (Record no. 19882)

MARC details
000 -LEADER
fixed length control field 00333nam a2200145Ia 4500
082 ## - DEWEY DECIMAL CLASSIFICATION NUMBER
Classification number 621.902
Item number IIT
100 ## - MAIN ENTRY--PERSONAL NAME
Personal name IIT/Kanpur
245 ## - TITLE STATEMENT
Title 9th All India Machine tool designed research conference
260 ## - PUBLICATION, DISTRIBUTION, ETC.
Name of publisher, distributor, etc. IIT
Place of publication, distribution, etc. Kanpur
Date of publication, distribution, etc. 1980
300 ## - PHYSICAL DESCRIPTION
Extent 29
546 ## - LANGUAGE NOTE
Language note ENGLISH
650 ## - SUBJECT ADDED ENTRY--TOPICAL TERM
Topical term or geographic name entry element Automobiles
654 ## - SUBJECT ADDED ENTRY--FACETED TOPICAL TERMS
Focus term machine
942 ## - ADDED ENTRY ELEMENTS (KOHA)
Koha item type Reference Book
Holdings
Withdrawn status Lost status Damaged status Not for loan Collection Home library Current library Shelving location Date acquired Total Checkouts Full call number Barcode Date last seen Price effective from Koha item type
        CRC Fr. Agnel's C.Rodrigues College of Engineering Fr. Agnel's C.Rodrigues College of Engineering   17/03/2023   621.902 IIT 2093 17/03/2023 17/03/2023 Reference Book